000 00754nam a2200193Ia 4500
008 0000001980 ck a 0000000000spa00
090 _aPSP00 P25n
100 1 _aPenagos, Rafael
_d1941
245 1 0 _aLas nuevas propuestas de Rafael Penagos
300 _a1 plegable [6] p.
_c/ 16 cm.
500 _aExposición realizada en Galería el Callejón del Norte, Bogotá Septiembre 823, 1980 \ Con el patronazgo del maestro venezolano Jesús Rafael Soto (q.e.p.d.) \
600 0 0 _aPENAGOS, RAFAEL, 1941/
_xTRABAJOS PICTORICOS
650 1 4 _aARTE CONTEMPORANEO COLOMBIANO
650 1 4 _xCATALOGOS
650 1 4 _xEXPOSICIONES
650 1 4 _aPINTORES COLOMBIANOS
650 1 4 _aPINTURA COLOMBIANA
999 _c7183
_d7183
260 _aBogotá : Leonardo Galería
_c1980